000 01153nam a2200325Ia 4500
001 Para_7021
003 CHAP
008 220125s1987 xx 000 0 und d
010 _a205767
040 _cCHAP
090 _aPA FOLLETO 887
100 _aGonzález Lauck, Víctor W.
_949093
245 _aGuía para producir yuca intercalada con frijol pelón en la sabana de Huimanguillo, Tabasco /
_c por Víctor W. González Lauck, José Luis Zuñiga González, David Sánchez Esparza
260 _aHuimanguillo, Tab. :
_b INIFAP. CIFATAB
300 _a1 hoja desplegable
440 _aDesplegable para productores; 8
_9171765
650 _aFrijol
_x variedades
_943446
650 _aSiembra múltiple
_9137616
650 _aYuca
_9123269
700 _aSánchez Esparza, David
_9107494
700 _aZuñiga González, José Luis
_9124227
710 _aInstituto Nacional de Investigaciones Forestales y Agropecuarias (México) CIFATAB
_9171875
901 _aPA FOLLETO 887
902 _aA
905 _a0000001987 0000000000 00
910 _a1987
942 _cPARA
942 _cPARA
_d1
999 _c205767
_d205767